| 000 | 00614nam a22002177a 4500 | ||
|---|---|---|---|
| 005 | 20170124110226.0 | ||
| 010 | _a168703 | ||
| 020 | _c00.00 | ||
| 035 | _a168703 | ||
| 037 | _bCen Lib/Ret | ||
| 040 |
_aDPL _bEN |
||
| 082 |
_a603 _bSCH |
||
| 100 |
_aSchlomann, Alfred _940724 |
||
| 245 |
_aHoyer-Kreuter : _cby Alfred Schlomann _btechnologisches worterbuch / |
||
| 260 |
_aNew York _bFrederck ungar publishing company _c1932 |
||
| 270 | _bNew York | ||
| 300 |
_a795p. _c23cm(Hb) |
||
| 490 | _aThe how to do it series | ||
| 650 |
_aTechnologies _940725 |
||
| 942 |
_2ddc _cEN _h603 _mSCH |
||
| 999 |
_c134435 _d134435 |
||